Biblioteca

Selección del personal idóneo (Registro nro. 68158)

Detalles MARC
000 -LÍDER
Campo fijo de descripción fija 01346nab a2200193 i 4500
001 - NÚMERO DE CONTROL
Campo de control 768714001
003 - IDENTIFICADOR DEL NÚMERO DE CONTROL
Campo de control CO-MdFUSB
005 - FECHA Y HORA DE LA ULTIMA TRANSACCIÓN
control field 20230111154851.0
008 - ELEMENTOS DE LONGITUD FIJA -- INFORMACIÓN GENERAL
Campo fijo de descripción fija -- Información general 220916s2011 gt ||||| |||| 00| 0 spa
040 ## - FUENTE DE CATALOGACIÓN
Idioma de catalogación spa
Agencia que realiza la transcripción CO-MdFUSB
Agencia que realiza la modificación CO-MdFUSB
041 ## - CÓDIGO DE IDIOMA
Código de idioma para texto/pista de sonido o título separado spa
100 ## - ASIENTO PRINCIPAL--NOMBRE PERSONAL
Nombre personal Kasper, Roberto
Término relacionador autor
245 ## - TÍTULO
Título Selección del personal idóneo
Mención de responsabilidad / Roberto Kasper
300 ## - DESCRIPCIÓN FÍSICA
Extensión Número 49 (Julio - Diciembre, 2011), páginas 114-40
Dimensiones ; 23 cm
520 ## - NOTA DE RESUMEN, ETC.
Nota de sumario, etc. La selección del personal idóneo es una de las tareas más cruciales en la administración de una institución evangélica. El buen funcionamiento del ministerio y sus logros dependen en gran parte de tener las personas indicadas en todos los puestos y un equipo cuyos miembros se ayuden mutuamente a cumplir los objetivos de la organización.<br/>Antes de iniciar la búsqueda del nuevo empleado, se debe decidir quién dirigirá el proceso, elaborar una descripción clara del puesto y definir quién se encargará de la entrevista, qué factores se sondearán en la conversación con los candidatos, cuál será el sueldo probable y quiénes se encargarán de orientar, supervisar y mentorear al nuevo empleado.
653 ## - TÉRMINO DE INDIZACIÓN - NO CONTROLADO
Término no controlado empleados
773 0# - ASIENTO DE ITEM FUENTE
Biblionumber 49489
Itemnumber 80010
Otro identificador del ítem R2089
Título Kairós
Número de control del registro (CO-MdFUSB)24
Número Internacional Normalizado para Publicaciones Seriadas (ISSN) 1014-9341
Parte(s) relacionada(s) / Volumen., número. (mes año), páginas Número 49 (Julio - Diciembre, 2011), páginas 114-40
Enumeración y primera página páginas 114
942 ## - TIPO DE MATERIAL (KOHA)
Tipo de Item KOHA Artículos de Revista

No hay ítems disponibles.

Biblioteca FUSBC | Teléfono: (57+4) 349 88 10 Ext. 141| WhatsApp (+57) 3005338115 
E-mail: biblioteca@unisbc.edu.co | Calle 76 87-14 Robledo Palenque, Medellín, Colombia

Con tecnología Koha